1533 1142 1568 1913 1219 1687 1172 1530 1581 1169 1399 1784 1974 1450 1127 1424 1344 1160 1757 1223 1781 1414 1650 1413 1006 1233 1987 1997 1707 1316 1896 1494 1306 1151 1729 1038 1285 1462 1396 1165 1458 1808 1415 1403 1251 1957 1459 1386 1106 1828 1913 1344 1319 1133 1681 1117 1697 1583 1729 1235 1705 1126 1643 1930 1050 1583 1624 1161 1733 1659 1593 1553 1701 1402 1121 1409 1829 1992 1049 1220 1678 1062 1731 1245 1518 1878 1681 1400 1566 1811 1439 1514 1757 1740 1426 1905 1764 1406 1191 BCNSPRNW ULIB Ver.6.0+V

เปลี่ยนเป็นภาษาไทย

Change to English
 แสดงรายละเอียดบรรณานุกรม
  กลับหน้าหลัก

Brief Record : Get Marc (ISO 2709) : E-mail record : QR code < ปิดหน้าต่าง
LEADER : 00000nam 2200000uu 4500
001    13399112934
003     ULIB
008    110919s2552||||th 000 0 tha d
020    9786119015302
090    นว.^bส174ร 2552
100 0  สเตเฟนี่ เมเยอร์
245 00 รุ่งอรุโณทัย เล่ม 1/^cอาทิตยา แปล
250    พิมพ์ครั้งที่ 5
260    กรุงเทพฯ :^bปราชญ์เปรียว,^c2552
300    384 หน้า
945    ^p280^l0^i16299
995    กัณชพร
999     ^aใช้งานได้ทุกระบบ
รายการนี้ยังไม่มีแท็ก
คุณยังไม่ได้ล็อกอิน คุณสามารถมีกิจกรรมร่วมกับเว็บไซต์ได้ แต่ต้องล็อกอินก่อน ::
  ล็อกอิน

รายการสื่อสารสนเทศ

ลำดับที่ ประเภท เลขเรียก/บาร์โค้ด สถานที่ สถานะ
1. วิทยาศาสตร์การแพทย์ และสุขภาพ
วิทยาศาสตร์การแพทย์ และสุขภาพ
นว. ส174ร 2552  
  Barcode: 16299
ห้องสมุดวิทยาเขตสวรรค์ประชารักษ์
►นวนิยาย
บนชั้น
  ขอยืม

รายการใกล้เคียง
    ผู้แต่ง [สเตเฟนี่ เมเยอร์]

BibComment


ยังไม่เคยถูกคอมเมนท์

คอมเมนท์ทรัพยากรรายการนี้
  คอมเมนท์: รุ่งอรุโณทัย เล่ม..


 Copyright 2026. Bcnsprnw @Library